Судьбы Серапионов (Запись № 522675)

Подробности
000 -МАРКЕР
контрольное поле 01398nam0a2200337 4500
001 - ИДЕНТИФИКАТОР ЗАПИСИ
контрольное поле RU\NLR\bibl\397981
005 - ИДЕНТИФИКАТОР ВЕРСИИ
контрольное поле 20260406231735.0
010 ## - МЕЖДУНАРОДНЫЙ СТАНДАРТНЫЙ НОМЕР КНИГИ (ISBN)
Номер (ISBN) 5-7331-0168-7
Тираж 1000
021 ## - НОМЕР ГОСУДАРСТВЕННОЙ РЕГИСТРАЦИИ
Код страны Российская Федерация
Номер 2003-20643
Номер Листа государственной регистраци 956
035 ## - ДРУГИЕ СИСТЕМНЫЕ НОМЕРА
Идентификатор записи (NLR Aleph) 000392194
100 ## - ДАННЫЕ ОБЩЕЙ ОБРАБОТКИ
Данные общей обработки 20030512d2003 |||y0rusy50 ca
101 0# - ЯЗЫК РЕСУРСА
Язык текста, звукозаписи и т.д. русский
102 ## - СТРАНА ПУБЛИКАЦИИ ИЛИ ПРОИЗВОДСТВА
Страна публикации Российская Федерация
105 ## - ПОЛЕ КОДИРОВАННЫХ ДАННЫХ: ТЕКСТОВЫЕ МАТЕРИАЛЫ, МОНОГРАФИЧЕСКИЕ
Кодированные данные о монографическом текстовом документе a |||||||||
200 1# - ЗАГЛАВИЕ И СВЕДЕНИЯ ОБ ОТВЕТСТВЕННОСТИ
Основное заглавие Судьбы Серапионов
Сведения, относящиеся к заглавию (Портр. и сюжеты)
Первые сведения об ответственности Борис Фрезинский
210 ## - ПУБЛИКАЦИЯ, РАСПРОСТРАНЕНИЕ И ДР.
Место издания, распространения и т.д. СПб.
Имя издателя, распространителя и т. д. Акад. проект
Дата издания, распространения и т.д. 2003
215 ## - ФИЗИЧЕСКАЯ ХАРАКТЕРИСТИКА
Специфическое обозначение материала и объем 590 с., [8] л. ил., портр.
Другие сведения о физической характеристике факс.
Размеры 21
320 ## - ПРИМЕЧАНИЯ О НАЛИЧИИ В ДОКУМЕНТЕ БИБЛИОГРАФИИ / УКАЗАТЕЛЯ
Текст примечания Библиогр. в подстроч. примеч.
320 ## - ПРИМЕЧАНИЯ О НАЛИЧИИ В ДОКУМЕНТЕ БИБЛИОГРАФИИ / УКАЗАТЕЛЯ
Текст примечания Имен. указ.: с. 560-586
601 12 - НАИМЕНОВАНИЕ ОРГАНИЗАЦИИ КАК ПРЕДМЕТ
Начальный элемент ввода "Серапионовы братья", литературная группа
Идентифицирующий признак Ленинград, город
Системный номер авторитетной/нормативной записи 1565053
Идентификатор авторитетной/нормативной записи RU\NLR\auth\66985064
686 ## - ИНДЕКСЫ ДРУГИХ КЛАССИФИКАЦИЙ
Индекс Ш5(2=Р)7-329.9
700 #1 - ИМЯ ЛИЦА - ПЕРВИЧНАЯ ОТВЕТСТВЕННОСТЬ
Код отношения Автор
Графика поля Кириллица
Материалы, к которым относится поле rus
Начальный элемент ввода Фрезинский
Часть имени, кроме начального элемента ввода Б. Я.
Даты 1941-
Расширение инициалов личного имени Борис Яковлевич
Системный номер авторитетной/нормативной записи 199299
Идентификатор авторитетной/нормативной записи RU\NLR\AUTH\770199350
712 02 - НАИМЕНОВАНИЕ ОРГАНИЗАЦИИ - ВТОРИЧНАЯ ОТВЕТСТВЕННОСТЬ
Код отношения Прочие
Начальный элемент ввода "Серапионовы братья", литературная группа
Идентифицирующий признак Ленинград
Системный номер авторитетной/нормативной записи 464431
Идентификатор авторитетной/нормативной записи RU\NLR\AUTH\889984364
801 #0 - ИСТОЧНИК ЗАПИСИ
Страна Российская Федерация
Организация NLR
Дата составления 20030512
Правила каталогизации PSBO
801 #1 - ИСТОЧНИК ЗАПИСИ
Страна Российская Федерация
Организация NLR
Дата составления 20030512
942 ## - ДОПОЛНИТЕЛЬНЫЕ ЭЛЕМЕНТЫ ЗАПИСИ (АБИС)
Тип экземпляра АБИС Книга
980 ## - КОЛЛЕКЦИЯ
Название коллекции Национальная библиография
Экземпляры
Тип экземпляра Дата поступления Источник поступления Стоимость Библиотека постоянного хранения Библиотека текущего хранения Место хранения Шифр хранения Штрих-код Статус экземпляра
Книга 12.05.2003 Покупка 170.50 РНБ (Московский) РНБ (Московский) Русский книжный фонд: издания с 1957 года 2003-3/11838 1-512083  
Книга 12.05.2003 Покупка 170.50 РНБ (Московский) РНБ (Московский) Фонд общего зала литературы по филологии, педагогике и искусству (гуманитарной литературы) Л1 Ш5(2=Р)7-329/Ф-860 1-259434  
Книга 20.06.2003 Обязательный экземпляр   РНБ (Московский) РНБ (Московский) Русский книжный фонд: издания с 1957 года 2003-3/11838 1-1043962  
Книга 05.04.2007 Дар   РНБ (Московский) РНБ (Московский) Резервный фонд   2404123  
Книга 12.05.2003 Покупка 170.50 РНБ (Садовая) РНБ (Садовая) Фонд научного зала литературы и искусства Л2 Ш5(2=Р)7-32/Ф-860 1-216260  
Книга 20.06.2003 Обязательный экземпляр   РНБ (Садовая) РНБ (Садовая) Фонд Абонемента (Садовая)   502613  
Книга 12.05.2003 Покупка 170.50 РНБ (Фонтанка) РНБ (Фонтанка) Юношеский читальный зал Ю Ш5(2=Р)7/Ф-86 1-181254